50 państw według ilości zaludnienia - w kolejności - Statystyki

Ogólne statystyki
  • Ten quiz został rozwiązany 134 razy
  • Średni wynik to 27 z 50
Statystyki odpowiedzi
# Zaludnienie Pierwsza litera Państwo % Poprawnych
1 1 401 585 247 C Chiny
98%
2 1 359 527 235 I Indie
94%
3 329 256 465 S Stany Zjednoczone
87%
4 262 787 403 I Indonezja
83%
5 208 846 892 B Brazylia
82%
9 142 122 776 R Rosja
74%
10 126 168 156 J Japonia
72%
7 203 452 505 N Nigeria
72%
6 207 862 518 P Pakistan
72%
21 67 364 357 F Francja
67%
18 81 257 239 T Turcja
65%
36 38 420 687 P Polska
64%
19 80 457 737 N Niemcy
63%
12 108 386 391 E Etiopia
62%
8 159 453 001 B Bangladesz
61%
11 125 959 205 M Meksyk
61%
17 83 024 745 I Iran
60%
23 62 246 674 W Włochy
60%
14 99 413 317 E Egipt
59%
13 105 893 381 F Filipiny
59%
37 37 289 000 U Ukraina
59%
28 49 331 076 H Hiszpania
58%
16 85 281 024 D Demokratyczna Republika Konga
56%
22 65 105 256 W Wielka Brytania
56%
15 97 040 334 W Wietnam
56%
20 68 615 858 T Tajlandia
54%
31 44 694 198 A Argentyna
53%
35 40 194 216 I Irak
51%
38 35 881 659 K Kanada
49%
34 40 853 749 U Uganda
49%
26 55 380 210 R Południowa Afryka
46%
48 28 667 230 J Jemen
45%
27 51 418 097 K Korea Południowa
45%
25 55 451 343 T Tanzania
45%
46 30 023 709 U Uzbekistan
45%
30 48 168 996 K Kolumbia
44%
44 31 331 288 P Peru
42%
32 43 120 843 S Sudan
40%
43 31 689 176 W Wenezuela
40%
41 33 091 113 A Arabia Saudyjska
39%
29 48 397 527 K Kenia
39%
24 55 662 506 M Mjanma
39%
45 30 355 880 A Angola
38%
39 34 940 837 A Afganistan
37%
33 41 657 488 A Algieria
37%
40 34 314 130 M Maroko
36%
50 27 233 789 M Mozambik
35%
49 28 108 221 G Ghana
33%
42 31 809 660 M Malezja
33%
47 29 717 587 N Nepal
31%
Nie znaleziono quizów pasujących do podanych kryteriów
Rozkład punktacji
Procent ludzi z każdym wynikiem
Percentyl według liczby udzielonych odpowiedzi
Twoja historia wyników
Nie rozwiązałeś tego quizu